Estados dos Estados Unidos - Statistics

Estatísticas Gerais
  • Esse quiz foi jogado 343 vezes
  • A pontuação média é 24 de 51
Respostas no mapa
Respostas codificadas por cores de uma escala verde-vermelha no mapa do quiz de acordo com a % correta abaixo.
 
Estatísticas das Respostas
Resposta % Correto
Alasca
89%
Califórnia
79%
Flórida
74%
Havaí
68%
Texas
66%
Novo México
59%
Washington
59%
Dakota do Norte
56%
Arizona
55%
Dakota do Sul
55%
Geórgia
53%
Alabama
52%
Carolina do Sul
52%
Maine
52%
Montana
52%
Nevada
52%
Nova York
52%
Oregon
52%
Carolina do Norte
51%
Colorado
50%
Michigan
49%
Luisiana
48%
Nova Jersey
46%
Pensilvânia
46%
Utah
46%
Virgínia
45%
Idaho
44%
Illinois
44%
Tennessee
44%
Virgínia Ocidental
43%
Indiana
42%
Massachusetts
42%
Oklahoma
42%
Ilha Rodes
41%
Mississippi
41%
Maryland
40%
Ohio
40%
Vermont
40%
Connecticut
39%
Minnesota
39%
Nebraska
39%
Washington DC
39%
Wisconsin
38%
Arkansas
37%
Kansas
37%
Kentucky
37%
Wyoming
37%
Missouri
36%
Hampshire
33%
Delaware
32%
Iowa
32%
Nenhum quiz correspondente encontrado
Distribuição das Pontuações
Porcentagem de Pessoas com Cada Pontuação
Percentil de Números Respondidos
Sua Pontuação Histórica
Você não jogou esse quiz